Statistics for Countries That Contain R

Click here to take the quiz!

General Stats

  • This quiz has been taken 492 times
    (467 since last reset)
  • The average score is 62 of 93

Answer Stats

Answer% Correct
Russia
92%
Romania
86%
Turkey
86%
Australia
85%
Ireland
84%
Norway
83%
Dominican Republic
82%
France
82%
Brazil
81%
Greece
81%
North Korea
81%
Portugal
81%
Argentina
80%
Austria
80%
Germany
80%
Paraguay
79%
Rwanda
79%
Turkmenistan
79%
South Africa
77%
Israel
76%
Andorra
75%
Iran
75%
Iraq
75%
Algeria
74%
Croatia
74%
Morocco
74%
Netherlands
73%
United Arab Emirates
73%
Uruguay
73%
Armenia
72%
Bulgaria
72%
South Korea
72%
Honduras
71%
Hungary
71%
Serbia
71%
Belarus
69%
Central African Republic
69%
Peru
69%
Czech Republic
68%
Ecuador
68%
Luxembourg
68%
Sri Lanka
68%
Ukraine
68%
Barbados
67%
Brunei
67%
United States of America
67%
Costa Rica
66%
Kyrgyzstan
66%
Madagascar
66%
Switzerland
66%
Trinidad And Tobago
66%
Bosnia and Herzegovina
65%
Jordan
65%
Azerbaijan
64%
Cyprus
64%
Denmark
64%
Grenada
64%
Niger
64%
San marino
64%
Saudi Arabia
64%
Georgia
63%
Montenegro
63%
Nigeria
63%
Suriname
63%
Syria
63%
mauritania
62%
Nicaragua
61%
Qatar
61%
Bahrain
60%
Burundi
60%
Mauritius
60%
El Salvador
59%
Eritrea
59%
Marshall Islands
59%
Myanmar
59%
Antigua and Barbuda
57%
Comoros
56%
Liberia
56%
Burkina Faso
55%
Equatorial guinea
55%
Kiribati
55%
Saint Vincent And The Grenadines
55%
Sierra Leone
55%
Micronesia
54%
Singapore
53%
Cameroon
51%
Nauru
51%
Cape Verde
50%
East timor
50%
Sao Tome And Principe
45%
Ivory Coast
37%
Democratic Republic Of Congo
23%
Republic Of Congo
21%

Score Distribution

Percentile by Number Answered

Percent of People with Each Score

Your Score History

You have not taken this quiz since the last reset